| 000 | 00534nam a2200193Ia 4500 | ||
|---|---|---|---|
| 008 | 120821t2005 xxu||||| |||| 00| 0 sin d | ||
| 041 | _asin | ||
| 080 |
_a8-31 (Indian) _bDAS |
||
| 100 | _aDas,Kamala | ||
| 245 | _aමගේ කතාව | ||
| 246 | _aMage Kathawa | ||
| 260 |
_aS. Godage _aColombo _c2005 |
||
| 300 | _b272p, ill, 21 cm | ||
| 500 | _aSinhalese Translation of Kamala Das's of My Story | ||
| 700 |
_aHandunpathirana,Karunathilaka _etr. |
||
| 942 | _cBK | ||
| 999 |
_c41003 _d41003 |
||
| 003 | LK-CoDNM | ||
| 040 |
_aLK-CoDNM _dLK-CoDNM _eLK-CoDNM |
||